| 000 | 00798nam a22002055i 4500 | ||
|---|---|---|---|
| 001 | 159609 | ||
| 003 | ES-MaACL | ||
| 005 | 20250821063100.0 | ||
| 008 | 990324s1847 sp |||| | spa d | ||
| 040 |
_aAN _bspa _cAN |
||
| 100 | 1 |
_aMichelet, Jules, _d1798-1874 _980919 |
|
| 245 | 1 | 0 |
_aManual cronológico de historia universal / _cpor Michelet ; traducido y adicionado con la parte antigua y contemporánea por P. E. ... |
| 260 |
_aMadrid : _b[s.n.], _c1847 ( _fImprenta de Corrales y Compañía) |
||
| 300 |
_a282, [6] p. ; _c19 cm. |
||
| 594 | _aSegún Palau, IX, 215, 168227, P. E. es Francisca Pulido Espinosa. | ||
| 650 | 4 |
_aCronología histórica. _911458 |
|
| 700 | 1 |
_aPulido Espinosa, Francisca. _9131435 |
|
| 852 |
_aES-MaACL _jD-2212 _z-- Rúst. |
||
| 999 |
_c159609 _d159609 |
||